000 00569nam a22001817a 4500
005 20251108165421.0
008 250721s1982 xx 000 0 ara d
082 1 4 _aم/213.4/محم
100 1 _aالألباني، محمد ناصرالدين
245 1 0 _aصحيح الجامع الصغير و زيادته :
_bالفتح الكبير /
250 _aط3
264 1 _aدمشق :
_bالمكتب الإسلامي،
_c1982.
300 _a6 ج في 3مج
650 1 7 _aالإسلام
650 1 7 _aالحديث الشريف
942 _2ddc
_cREF
999 _c27410
_d27410